Cricket: Test Players with 2000 Runs and 200 wickets - Statistics

General Stats
  • This quiz has been taken 68 times
    29 since last reset
  • The average score is 18 of 22
Answer Stats
Country Years Runs Wickets Answer % Correct
SA 1995-2013 13289 292 Jacques Kallis
100%
AUS 2011-2024* 2021 348 Mitchell Starc
92%
IND 2011-2024* 3193 490 Ravichandran Ashwin
92%
IND 1978-1994 5248 434 Kapil Dev
88%
ENG 1977-1992 5200 383 Lord Ian Botham
88%
ENG 2007-2023 3662 604 Stuart Broad
88%
ENG 1998-2009 3845 226 Andrew Flintoff
85%
IND 2012-2024* 2804 275 Ravindra Jadeja
85%
AUS 1992-2007 3154 708 Shane Warne
85%
WI 1954-1974 8032 235 Sir Garfield Sobers
85%
IND 1990-2008 2506 619 Anil Kumble
81%
NZ 1997-2014 4531 362 Daniel Vettori
81%
NZ 1973-1990 3124 431 Sir Richard Hadlee
81%
PAK 1971-1992 3807 362 Imran Khan
77%
AUS 2007-2015 2065 313 Mitchell Johnson
77%
SA 1995-2008 3781 421 Shaun Pollock
77%
PAK 1985-2002 2898 414 Wasim Akram
77%
IND 1998-2015 2225 417 Harbhajan Singh
73%
BAN 2007-2024* 4454 233 Shakib Al Hasan
73%
SL 1994-2009 3089 355 Chaminda Vaas
69%
NZ 1989-2004 3320 218 Chris Cairns
62%
AUS 1952-1964 2201 248 Richie Benaud
58%
No matching quizzes found
Score Distribution
Percent of People with Each Score
Percentile by Number Answered
Your Score History
You have not taken this quiz since the last reset